Catholic University of Zimbabwe Library
Online Public Access Catalogue
(OPAC)

Fine Art of surfacing (Record no. 8799)

MARC details
000 -LEADER
fixed length control field 00367 a2200109 4500
005 - DATE AND TIME OF LATEST TRANSACTION
control field 20191017172354.0
084 ## - OTHER CLASSIFICATION NUMBER
Classification number Columbia JC 36248
245 ## - TITLE STATEMENT
Title Fine Art of surfacing
Medium Sound Recording
260 ## - PUBLICATION, DISTRIBUTION, ETC.
Place of publication, distribution, etc. nyu
Name of publisher, distributor, etc. Columbia
Date of publication, distribution, etc. p1979
300 ## - PHYSICAL DESCRIPTION
Extent 1 sound disc : analog, 33 1/3 rpm, stereo.
Other physical details 12 in
Dimensions 1 sound disc : analog, 33 1/3 rpm, stereo. ; 12 in
500 ## - GENERAL NOTE
General note Durations on labels.
650 ## - SUBJECT ADDED ENTRY--TOPICAL TERM
Topical term or geographic name entry element literature

No items available.

OPENING HOURS

Weekdays: 0815hrs - 1800hrs
Weekends:0900hrs - 1200hrs

Closed for Mass:

Mon, Thur: 1200hrs - 1300hrs
Sunday & Public Holiday’s

CALL SUPPORT

0242-570570, 0242-570169
09200664, +263 8644140602

LOCATION

18443, Cranborne Avenue, Hatfield, Harare

Other Links


©2021 | CUZ Library